[Event "HUN-chT2 Szechenyi 1819"]
[Site "Hungary"]
[Date "2019.04.28"]
[Round "9.9"]
[White "Pal, Istvan"]
[Black "Kurucsai, Agota"]
[Result "1-0"]
[WhiteElo "1755"]
[BlackElo "1594"]
[PlyCount "91"]
[EventDate "2018.10.28"]
[EventType "team-tourn"]
[EventRounds "9"]
[EventCountry "HUN"]
[SourceTitle "EXT 2021"]
[Source "ChessBase"]
[SourceDate "2020.10.23"]
[SourceVersion "1"]
[SourceVersionDate "2020.10.23"]
[SourceQuality "1"]
[WhiteTeam "Gyor Elektromos"]
[BlackTeam "Ajka ASSE"]
[WhiteTeamCountry "HUN"]
[BlackTeamCountry "HUN"]

1. e4 e6 2. c4 d6 3. Nc3 a6 4. d4 b6 5. Nf3 Bb7 6. Bd3 g6 7. Be3 Bg7 8. Qd2 Ne7 9. h4 Nd7 10. h5 Nf6 11. hxg6 Nxg6 12. Bh6 Bxh6 13. Qxh6 Qe7 14. e5 dxe5 15. dxe5 Ng8 16. Qe3 0-0-0 17. 0-0-0 f5 18. c5 Qxc5 19. Qxc5 bxc5 20. Bc4 Nf4 21. Ng5 Re8 22. Nf7 Ne7 23. Nxh8 Rxh8 24. Rh6 Ned5 25. g3 Nb6 26. gxf4 Nxc4 27. Rxe6 h5 28. Rg1 Kd8 29. Rgg6 Nb6 30. Rh6 Rxh6 31. Rxh6 Bf3 32. Rf6 Bg4 33. f3 Bxf3 34. Rxf5 h4 35. Rf8+ Ke7 36. Rh8 Ke6 37. Rxh4 Kf5 38. Nd1 Nc8 39. Ne3+ Kg6 40. f5+ Kg7 41. f6+ Kg8 42. e6 Nd6 43. f7+ Nxf7 44. exf7+ Kxf7 45. Rf4+ Ke6 46. Rxf3 1-0

[Event "HUN-chT2 Szechenyi 1718"]
[Site "Hungary"]
[Date "2017.12.03"]
[Round "3.10"]
[White "Kurucsai, Agota"]
[Black "Suket, Mark"]
[Result "0-1"]
[WhiteElo "1652"]
[BlackElo "1764"]
[PlyCount "120"]
[EventDate "2017.10.29"]
[EventType "team-tourn"]
[EventRounds "9"]
[EventCountry "HUN"]
[SourceTitle "EXT 2021"]
[Source "ChessBase"]
[SourceDate "2020.10.23"]
[SourceVersion "1"]
[SourceVersionDate "2020.10.23"]
[SourceQuality "1"]
[WhiteTeam "Ajka ASSE"]
[BlackTeam "Keszthely Spartacus"]
[WhiteTeamCountry "HUN"]
[BlackTeamCountry "HUN"]

1. e4 e5 2. Nf3 Nc6 3. Bc4 Bc5 4. d3 h6 5. c3 d6 6. b4 Bb6 7. Qb3 Qe7 8. a4 a6 9. a5 Ba7 10. b5 axb5 11. Qxb5 Rb8 12. a6 Qd7 13. Bd5 Nge7 14. Qc4 Nxd5 15. exd5 Ne7 16. axb7 Rxb7 17. 0-0 0-0 18. d4 exd4 19. Nxd4 Bxd4 20. Qxd4 Qf5 21. Na3 Nxd5 22. c4 Nf6 23. Nb5 Bd7 24. Ra7 Rxa7 25. Qxa7 Bxb5 26. cxb5 Qxb5 27. Qxc7 d5 28. Qg3 Kh7 29. Re1 Re8 30. Rxe8 Qxe8 31. f3 Qe2 32. Qf2 Qd1+ 33. Qf1 Qxf1+ 34. Kxf1 Kg6 35. g4 Nd7 36. Bb2 f6 37. f4 Nc5 38. Ke2 Ne4 39. Bd4 Kf7 40. Kd3 Ke6 41. Be3 f5 42. h3 g6 43. Bd4 fxg4 44. hxg4 Nf6 45. g5 hxg5 46. fxg5 Ne4 47. Be3 Ke5 48. Bc1 Nc5+ 49. Ke3 d4+ 50. Kf3 Nd3 51. Bd2 Kf5 52. Ke2 Nf4+ 53. Kf3 Ne6 54. Ke2 Nxg5 55. Kd3 Nf3 56. Bc1 g5 57. Ba3 Ke5 58. Bc5 Kd5 59. Ba7 Ne5+ 60. Ke2 Ke4 0-1

[Event "HUN-chT2 Szechenyi 1617"]
[Site "Hungary"]
[Date "2016.10.30"]
[Round "3.10"]
[White "Kurucsai, Agota"]
[Black "Barasits, Tibor"]
[Result "1-0"]
[WhiteElo "1605"]
[BlackElo "1631"]
[PlyCount "77"]
[EventDate "2016.09.25"]
[EventType "team-tourn"]
[EventRounds "11"]
[EventCountry "HUN"]
[SourceTitle "EXT 2021"]
[Source "ChessBase"]
[SourceDate "2020.10.23"]
[SourceVersion "1"]
[SourceVersionDate "2020.10.23"]
[SourceQuality "1"]
[WhiteTeam "Ajka ASSE"]
[BlackTeam "Arboretum"]
[WhiteTeamCountry "HUN"]
[BlackTeamCountry "HUN"]

1. e4 e5 2. Nf3 Nf6 3. Nxe5 d6 4. Nf3 Nxe4 5. Bc4 d5 6. Qe2 Be7 7. 0-0 0-0 8. Re1 Be6 9. d3 Nxf2 10. Bxd5 Qxd5 11. Qxf2 Nc6 12. Nc3 Qh5 13. Bf4 Rac8 14. Ne5 Bd6 15. Nxc6 bxc6 16. Bxd6 cxd6 17. Qxa7 Rb8 18. b3 Rb4 19. Ne4 Qd5 20. Qe3 Rbb8 21. c4 Qh5 22. Qg3 Kh8 23. Nxd6 Qc5+ 24. Kh1 Rbd8 25. Nb7 Qd4 26. Nxd8 Rxd8 27. a4 Qxd3 28. Qxd3 Rxd3 29. Red1 Rxd1+ 30. Rxd1 g6 31. Rd6 Kg7 32. Rxc6 Kf6 33. a5 Ke5 34. a6 Bd7 35. Rc5+ Kd6 36. b4 Bc6 37. a7 Bb7 38. Rc8 Kd7 39. a8Q 1-0

[Event "HUN-chT2 Szechenyi 1617"]
[Site "Hungary"]
[Date "2016.10.09"]
[Round "2.10"]
[White "Kerecsenyi, Zoltan"]
[Black "Kurucsai, Agota"]
[Result "0-1"]
[WhiteElo "1651"]
[BlackElo "1605"]
[PlyCount "76"]
[EventDate "2016.09.25"]
[EventType "team-tourn"]
[EventRounds "11"]
[EventCountry "HUN"]
[SourceTitle "EXT 2021"]
[Source "ChessBase"]
[SourceDate "2020.10.23"]
[SourceVersion "1"]
[SourceVersionDate "2020.10.23"]
[SourceQuality "1"]
[WhiteTeam "Papa"]
[BlackTeam "Ajka ASSE"]
[WhiteTeamCountry "HUN"]
[BlackTeamCountry "HUN"]

1. Nf3 Nc6 2. g3 d5 3. Bg2 e5 4. d3 Bg4 5. 0-0 Nf6 6. Bg5 h6 7. Bxf6 Qxf6 8. h3 Be6 9. c3 0-0-0 10. Qc2 g5 11. Nh2 h5 12. Nd2 g4 13. h4 Bc5 14. a4 Qg6 15. e4 f5 16. b4 Be7 17. Rfe1 dxe4 18. dxe4 f4 19. Bf1 Rhg8 20. Nc4 Bxh4 21. b5 fxg3 22. fxg3 Bxg3 23. bxc6 Bxe1 24. cxb7+ Kb8 25. Rxe1 g3 26. Nf3 Bxc4 27. Bxc4 Qb6+ 28. Kg2 Rg7 29. Bd5 Qf6 30. Rh1 Rf8 31. Qe2 c6 32. Bc4 Kxb7 33. Rxh5 Qxf3+ 34. Qxf3 Rxf3 35. Rxe5 Rxc3 36. Be6 Rc2+ 37. Kg1 g2 38. Rf5 Rc1+ 0-1